000 01244cam a2200325 a 4500
001 3024
005 20240131105704.0
020 _a078073003990
040 _aDLC
_cDLC
_dDLC
_beng
050 0 0 _aE312.G74
082 0 0 _2973.41092
100 1 _aGriffin, Judith Berry
245 1 0 _aPhoebe the spy /
_cJudith Berry Griffin ; illustrated by Margot Tomes.
260 _aNew York :
_bScholastic ,
_c1977
300 _a47 pages :
_bcolor illustrations ;
_c22 cm.
500 _a"Originally titled: Phoebe and the general."
505 _aR
520 _aDuring the Revolution, Phoebe Fraunces has a chance to save the life of General George Washington while he has dinner at Mortier House in New York City.
521 _a720
_bLexile
521 _aR
_bRaz-Plus
650 0 _aSpies
_zUnited States
_vBiography
_vJuvenile literature.
650 0 _aAfrican American girls
_zNew York (State)
_zNew York
_vBiography
_vJuvenile literature.
650 0 _aAfrican Americans
_zNew York (State)
_zNew York
_vBiography
_vJuvenile literature.
650 1 _aSpies.
650 1 _aAfrican Americans
_vBiography.
650 1 _aWomen
_vBiography.
700 1 _aTomes, Margot
906 _a7
_bcbc
_corigcop
_d3
_encip
_f20
_gy-gencatlg
942 _2ddc
_cBK
_n0
999 _c3024
_d3024